In a sacred manner we live: photographs of the North American Indian.

Saved in:
Bibliografiske detaljer
Hovedforfatter: Curtis, Edwards S
Format: Bog
Sprog:engelsk
Udgivet: Boston, USA Barre Publishers 1972
Fag:
Tags: Tilføj Tag
Ingen Tags, Vær først til at tagge denne postø!

MARC

LEADER 00000cam a2200000 a 4500
001 UCC0335
003 CL-VaPUC
005 20210807001637.0
008 170804e19720000us |||||||||||||||||eng|d
999 |c 369191  |d 369189 
020 |a 0827172028 
040 |c Pontificia Universidad Católica de Valparaíso 
082 0 4 |a 306 CUR 1972  |2 21 
100 0 |a Curtis, Edwards S  |9 594248 
245 1 0 |a In a sacred manner we live: photographs of the North American Indian. 
260 0 3 |a Boston, USA  |b Barre Publishers  |c 1972 
300 |a 149 páginas. 
583 |a last modification  |c 20170804 10:39:00  |k Rodrigo Vera 
650 7 |a INDIOS NORTEAMERICANOS  |2 CL-VaPUC  |9 349674 
650 7 |a GRUPOS ETNICOS  |2 CL-VaPUC  |9 324200 
650 0 |a Aborígenes  |9 329972 
650 0 |a Fotografías  |9 268494 
942 |c BK  |2 ddc 
945 |d 20170804 10:39:00  |a arojas 
952 |0 0  |1 0  |2 ddc  |3 erd  |4 0  |6 306_000000000000000_CUR_1972  |7 0  |8 R  |9 484785  |a BIBART  |b BIBART  |i 5412498  |o 306 CUR 1972  |p 5412498  |r 2025-03-13  |t 1  |w 2019-11-24  |y BK_R  |z Catalogado en:20170804  |k ART